| 000 | 00664nam a2200253Ia 4500 | ||
|---|---|---|---|
| 005 | 20250425162008.0 | ||
| 008 | 250425s9999 xx 000 0 und d | ||
| 020 | _a8429179615 | ||
| 041 | _aspa | ||
| 082 | _a660.028 | ||
| 100 | _aTEGEDER, FRITZ | ||
| 245 | 0 | _aMÉTODOS DE LA INDUSTRIA QUÍMICA EN DIAGRAMAS DE FLUJO COLOREADOS : PARTE 1 INORGÁNICA | |
| 250 | _a1A ED. | ||
| 260 | _aBARCELONA | ||
| 260 |
_aEspaña _bREVERTE _c1984 |
||
| 300 | _a238 | ||
| 650 | _aACIDOS INORGANICOS | ||
| 650 | _aINDUSTRIA QUIMICA | ||
| 650 | _aMETODOS ANALITICOS | ||
| 650 | _aQUIMICA INORGANICA | ||
| 700 | _aMAYER, LUDWIG | ||
| 942 | _c01 | ||
| 010 | _a39199 | ||
| 999 |
_c220294 _d220294 |
||